000
00305nam a22001337a 4500
008
181022b xxu||||| |||| 00| 0 eng d
020
_a
0801829240
041
_a
eng
080
_a
940
100
_a
16
101
_a
SHH
245
_a
Community and Social Change in America
_c
Bender,Th
942
_2
udc
_c
BK
999
_c
50360
_d
50360